| 000 | 00748nam a22002297a 4500 | ||
|---|---|---|---|
| 003 | UA-OsUOA | ||
| 001 | 76403 | ||
| 007 | ta | ||
| 008 | 20110704b un ||||| |||| 00| 0 ukr d | ||
| 090 |
_a340.13(075.8) _bП68 |
||
| 942 | _cBK | ||
| 040 |
_aUA-OsUOA _bukr _cUA-OsUOA _dUA-OsUOA |
||
| 245 |
_aПравове письмо _bнавч.-метод. матеріали _cза ред. Р.О.Стефанчука |
||
| 300 | _a230 с. | ||
| 955 | _a2 | ||
| 041 | _aukr | ||
| 080 | _a340.13(075.8) | ||
| 020 | _a978-966-97097-2-1 | ||
| 260 |
_aК. _bСПД Юсип'юк В.Д. _c2009 |
||
| 650 | 7 |
_a340 Право в цілому. Пропедевтика. Методи та допоміжні правничі науки _2UDC |
|
| 999 |
_c362704 _d362704 |
||